Stati che confinano con la Repubblica del Congo - Statistics

Statistiche generali
  • Questo quiz è stato fatto 13 volte
  • Il punteggio medio è 4 su 5
Statistiche sulle risposte
Superficie (km²) Popolazione (ab.) Lunghezza confine (km) Stato % Corretto
1 246 700 29 443 059 231 Angola
100%
475 440 26 545 863 494 Camerun
100%
2 345 410 91 640 540 2 410 Repubblica Democratica del Congo
90%
267 667 2 119 275 2 567 Gabon
70%
622 984 5 990 855 487 Repubblica Centrafricana
70%
Nessun quiz corrispondente trovato
Distribuzione punteggi
Percentuale di utenti per punteggio
Percentile per numero di risposta
I tuoi punteggi nel tempo
Non hai fatto questo quiz